000 02232cam a22005534i 4500
003 PE-LiUPU
005 20250731173041.0
008 170824s2017 miu rb 001 0 eng d
020 _z080102711X
020 _z9780801027116
035 _a(Sirsi) i9781493410200
035 _a(OCoLC)1001810024
040 _aTEFOD
_beng
_erda
_epn
_cTEFOD
_dRECBK
_dYDX
_dEBLCP
_dPE-LiUPU
049 _aPRUA
050 4 _aBS1455
_b.L66 2017eb
082 0 4 _a223.06
_bL85
_223
100 1 _aLongman, Tremper,
_eautor.
245 1 4 _aThe fear of the Lord is wisdom :
_ba theological introduction to wisdom in Israel /
_cTremper Longman III.
264 1 _aGrand Rapids :
_bBaker Academic,
_c2017.
300 _axviii, 311 páginas ;
_c24 centímetros
336 _atext
_2rdacontent
337 _aunmediated
_2rdamedia
338 _avolume
_2rdacarrier
504 _aBibliografía : páginas 283-297.
504 _aIndice : páginas 310-311.
505 0 _aThe Heart of Wisdom: Proverbs, Ecclesiastes, and Job -- Wisdom Elsewhere in the Old Testament -- Israel's Wisdom: Cosmopolitan or Unique? -- Further Refining Our Understanding of Wisdom -- The Afterlife of Israel's Wisdom.
526 _aSEG42
526 _aSEG41
526 _aSEG40
526 _aSEG39
526 _aP94
526 _aP87
526 _aP86
526 _aP85
526 _aP77
526 _aP76
526 _aP35
650 0 _aLiteratura de Sabiduría
_xCrítica, interpretación.
650 7 _aReligión / Crítica Bíblica e Interpretación / Antiguo Testamento.
_2 bisacsh
650 0 _aWisdom literature
_xCriticism, interpretation.
650 7 _aReligion/ Biblical Criticism & Interpretation / Old Testament.
_2bisacsh
910 _adbm
_bncf
_cncf
_d20171220
942 _2ddc
_cBOOK
949 _a223.06 L85
_wDEWEY
_c1
_i77663
_lCATALOGING
_mBUL
_p20.50
_r0
_sY
_tBOOK
_u2017-12-20
_xPOSGRADO
_PP85
_0COMPRA
_o.STAFF. Colección Teología.
994 _aC0
_bPEPRU
596 _a1
999 _a223.06 L85
_wDEWEY
_c26304
_i77663
_f2021-11-9
_g4
_lCCODEBUL1
_mBUL
_p20.50
_r0
_sY
_tBOOK
_u2017-12-20
_xTEOLOGIA
_PP85
_0DONACION
_o.STAFF. Colección Teología.
_d26304
980 _81
_gALBERTO SANCHEZ Responsable de Automatización